Finančná závislosť územnej samosprávy na Slovensku

Cieľom príspevku je zistiť mieru finančnej závislosti miestnej a regionálnej samosprávy od štátu na Slovensku v rokoch 2005-2016. Finančná závislosť je analyzovaná na príklade ôsmich regionálnych hlavných mestách (miestna úroveň) a na ôsmich samosprávnych krajoch (regionálna úroveň).

Na minha lista:
Detalhes bibliográficos
Autor principal: Horváth, Peter
Outros Autores: Cíbik, Lukáš, Švikruha, Martin
Formato: Capítulo de Livro
Idioma:eslovaco
Assuntos:
Tags: Adicionar Tag
Sem tags, seja o primeiro a adicionar uma tag!

MARC

LEADER 00000nla a2200000 4500
001 0242803
005 20240417075138.0
041 0 |a slo 
044 |a CZ 
245 1 0 |a Finančná závislosť územnej samosprávy na Slovensku  |c Peter Horváth, Lukáš Cíbik, Martin Švikruha 
520 |a Cieľom príspevku je zistiť mieru finančnej závislosti miestnej a regionálnej samosprávy od štátu na Slovensku v rokoch 2005-2016. Finančná závislosť je analyzovaná na príklade ôsmich regionálnych hlavných mestách (miestna úroveň) a na ôsmich samosprávnych krajoch (regionálna úroveň). 
610 2 0 |a závislosť ekonomická 
610 2 0 |a štruktúra ekonomická 
610 2 0 |a samospráva 
610 2 0 |a samospráva miestna 
610 2 0 |a rozpočet miestny 
610 2 0 |a regióny 
100 1 |a Horváth, Peter 
700 1 |a Cíbik, Lukáš 
700 1 |a Švikruha, Martin